000 00451nam a2200169Ia 4500
008 090711s9999 xx 000 0 und d
082 _b77411
100 _aठाकुरदास भाऊ
245 _aसहजबोध
260 _c1994
300 _a88
600 _aठाकुरदास भाऊ
630 _aसहजबोध
700 _aठाकुरदास भाऊ
730 _aसहजबोध
942 _cBOOK
999 _c283877
_d283877